Системы подготовки педагогических кадров в республиках Гана и Кот-д'Ивуар (Запись № 13677730)

Подробности
000 -МАРКЕР
контрольное поле 02391nam0a2200421 4500
001 - ИДЕНТИФИКАТОР ЗАПИСИ
контрольное поле RU\NLR\BIBL_A\022583971
005 - ИДЕНТИФИКАТОР ВЕРСИИ
контрольное поле 20260420050719.0
010 ## - МЕЖДУНАРОДНЫЙ СТАНДАРТНЫЙ НОМЕР КНИГИ (ISBN)
Номер (ISBN) 978-5-00089-769-0
Тираж 500
021 ## - НОМЕР ГОСУДАРСТВЕННОЙ РЕГИСТРАЦИИ
Код страны Российская Федерация
Номер КН-П-25-029630
Номер Листа государственной регистраци КН-П-25-2924
035 ## - ДРУГИЕ СИСТЕМНЫЕ НОМЕРА
Идентификатор записи (NLR Aleph) 022583971
100 ## - ДАННЫЕ ОБЩЕЙ ОБРАБОТКИ
Данные общей обработки 20250711d2024 k y0rusy50 ca
101 0# - ЯЗЫК РЕСУРСА
Язык текста, звукозаписи и т.д. русский
102 ## - СТРАНА ПУБЛИКАЦИИ ИЛИ ПРОИЗВОДСТВА
Страна публикации Российская Федерация
105 ## - ПОЛЕ КОДИРОВАННЫХ ДАННЫХ: ТЕКСТОВЫЕ МАТЕРИАЛЫ, МОНОГРАФИЧЕСКИЕ
Кодированные данные о монографическом текстовом документе a z 000yy
181 #0 - ПОЛЕ КОДИРОВАННЫХ ДАННЫХ: ВИД СОДЕРЖАНИЯ
Код вида содержания (ISBD) i
Код характеристики содержания (ISBD) xxxe
182 #0 - ПОЛЕ КОДИРОВАННЫХ ДАННЫХ: ТИП СРЕДСТВА
Код типа средства (ISBD) n - непосредственное
200 1# - ЗАГЛАВИЕ И СВЕДЕНИЯ ОБ ОТВЕТСТВЕННОСТИ
Основное заглавие Системы подготовки педагогических кадров в республиках Гана и Кот-д'Ивуар
Сведения, относящиеся к заглавию монография
Первые сведения об ответственности Е. И. Бойчук, И. А. Воронцова, Л. Н. Данилова [и др.]
Последующие сведения об ответственности Министерство просвещения Российской Федерации, ФГБОУ ВО "Ярославский государственный педагогический университет им. К. Д. Ушинского"
203 ## - ВИД СОДЕРЖАНИЯ И ТИП СРЕДСТВА
Вид содержания Текст
Дополнительные сведения об издании визуальный
Тип средства непосредственный
210 ## - ПУБЛИКАЦИЯ, РАСПРОСТРАНЕНИЕ И ДР.
Место издания, распространения и т.д. Ярославль
Имя издателя, распространителя и т. д. РИО ЯГПУ
Дата издания, распространения и т.д. 2024
215 ## - ФИЗИЧЕСКАЯ ХАРАКТЕРИСТИКА
Специфическое обозначение материала и объем 127 с.
Другие сведения о физической характеристике цв. ил., табл.
Размеры 20
300 ## - ОБЩИЕ ПРИМЕЧАНИЯ
Текст примечания Авт. указаны на обороте тит. с. в макете
320 ## - ПРИМЕЧАНИЯ О НАЛИЧИИ В ДОКУМЕНТЕ БИБЛИОГРАФИИ / УКАЗАТЕЛЯ
Текст примечания Библиогр.: с. 105–120 (120 назв.)
606 1# - НАИМЕНОВАНИЕ ТЕМЫ КАК ПРЕДМЕТ
Наименование темы Школьное образование
Географический подзаголовок Африканские страны
Системный номер авторитетной/нормативной записи 2540075
Идентификатор авторитетной/нормативной записи RU\NLR\AUTH\661503856
606 1# - НАИМЕНОВАНИЕ ТЕМЫ КАК ПРЕДМЕТ
Наименование темы Педагогические кадры
Тематический подзаголовок Подготовка
Географический подзаголовок Гана
Системный номер авторитетной/нормативной записи 2679777
Идентификатор авторитетной/нормативной записи RU\NLR\AUTH\6601760925
606 1# - НАИМЕНОВАНИЕ ТЕМЫ КАК ПРЕДМЕТ
Наименование темы Педагогические кадры
Тематический подзаголовок Подготовка
Географический подзаголовок Кот-д'Ивуар
Системный номер авторитетной/нормативной записи 2679779
Идентификатор авторитетной/нормативной записи RU\NLR\AUTH\6601760927
686 1# - ИНДЕКСЫ ДРУГИХ КЛАССИФИКАЦИЙ
Индекс Ч424(6)
686 1# - ИНДЕКСЫ ДРУГИХ КЛАССИФИКАЦИЙ
Индекс Ч459.54(6Ган)
686 1# - ИНДЕКСЫ ДРУГИХ КЛАССИФИКАЦИЙ
Индекс Ч459.54(6Кот)
701 #1 - ИМЯ ЛИЦА - АЛЬТЕРНАТИВНАЯ ОТВЕТСТВЕННОСТЬ
Начальный элемент ввода Бойчук
Часть имени, кроме начального элемента ввода Е. И.
Расширение инициалов личного имени Елена Игоревна
701 #1 - ИМЯ ЛИЦА - АЛЬТЕРНАТИВНАЯ ОТВЕТСТВЕННОСТЬ
Начальный элемент ввода Воронцова
Часть имени, кроме начального элемента ввода И. А.
Расширение инициалов личного имени Инна Алексеевна
701 #1 - ИМЯ ЛИЦА - АЛЬТЕРНАТИВНАЯ ОТВЕТСТВЕННОСТЬ
Графика поля Кириллица
Материалы, к которым относится поле rus
Начальный элемент ввода Данилова
Часть имени, кроме начального элемента ввода Л. Н.
Дополнения к именам, кроме дат д-р пед. наук
Расширение инициалов личного имени Лариса Николаевна
Системный номер авторитетной/нормативной записи 91747
Идентификатор авторитетной/нормативной записи RU\NLR\AUTH\77108822
712 02 - НАИМЕНОВАНИЕ ОРГАНИЗАЦИИ - ВТОРИЧНАЯ ОТВЕТСТВЕННОСТЬ
Код отношения Прочие
Начальный элемент ввода Ярославский государственный педагогический университет им. К. Д. Ушинского
Системный номер авторитетной/нормативной записи 304213
Идентификатор авторитетной/нормативной записи RU\NLR\AUTH\8815514
942 ## - ДОПОЛНИТЕЛЬНЫЕ ЭЛЕМЕНТЫ ЗАПИСИ (АБИС)
Тип экземпляра АБИС Книга
980 ## - КОЛЛЕКЦИЯ
Название коллекции Национальная библиография

Нет доступных экземпляров.